Responses for show #1368 - Wednesday, July 11, 1990

1990 Seniors Tournament quarterfinal game 3.

Contestants

Anne Laird, a teacher from New Orleans, Louisiana

Pat Ashton, an elementary school media specialist from Pensacola, Florida

Cole Andersen, an instructor from San Clemente, California

Jeopardy! Round responses

DAYS OF THE WEEK
DEMOCRATS
SPORTS
COOKING
TV NEWS
BIBLICAL PROPHETS & LOSSES
    $100 6
Saturday

Pat
    $100 1
Lloyd Bentsen

Triple Stumper
    $100 12
the Athletics

Anne
    $100 7
turtle soup

Anne
    $100 17
(Cole: What, who is Ted Koppel?)

Peter Jennings

ColeAnne
    $100 25
Abraham

Anne
    $200 13
Thor

Anne
    $200 2
(Pat: Uh, who is Roosevelt?)
(Alex: More specific.)
(Pat: The, uh, Ted, I'm sorry.)
[Time's up]
(Pat: Franklin.)

Franklin Roosevelt

ColePat
    $200 21
(Alex: We have a minute to go.)

Sugar Ray

Pat
    $200 8
(Anne: What is avocado?)

(1 of) green onions (chives or parsley)

ColeAnne
    $200 18
48 Hours

Cole
    $300 14
Sunday

Pat
    $300 3
Tip O'Neill

Anne
    $300 22
(Cole: Who is, uh, Jackie... Joyner Kersee?)

Flo-Jo (Florence Griffith Joyner)

ColePat
    $300 9
brown

Anne
    $500 19
(Alex: No response?)
(Cole: Uh, who are MacNeil/Lehrer?)

Huntley & Brinkley

Cole
    $400 15
(Pat: What is Wednesday?)

Tuesday

PatAnne
    $400 4
Harold Washington

Anne
    $400 23
Navratilova

Pat
    $400 10
breadsticks

Triple Stumper
    $400 20
(Anne: Who is Edward R. Murrow?)

John Cameron Swayze

Anne
Triple Stumper
    $500 16
Friday

Anne
    $500 5
Sam Nunn

Anne
    $500 24
(Willie) Shoemaker

Pat
    $500 11
(Pat: The [*], what are the [*]?)

the intestines

Pat
    $500 26
[The end-of-round signal sounds.]

Douglas Edwards

Triple Stumper

Scores at the first commercial break (after clue 15):

Cole Pat Anne
$400 $300 $2,100

Scores at the end of the Jeopardy! Round:

Cole Pat Anne
-$300 $1,700 $2,400

Double Jeopardy! Round responses

MODERN HISTORY
MUSIC TRIVIA
AMERICAN INDIANS
FURNITURE
WORLD GEOGRAPHY
CELEBRITY BOOKS
    $200 6
(Cole: Who is Sadat?)

(Gamal Abdel) Nasser

ColePat
    $200 1
(Cole: Who is Ziegfield?)

Ziegfeld

Cole
    $200 11
the Seminoles

Pat
    $200 25
(Cole: [*], What is [*]?)

two

Cole
    $200 17
Stockholm

Anne
    $200 12
George Jessel

Anne
    $400 7
Sartre

Pat
    $400 2
water

Anne
    $600 18
Pontiac

Anne
    $400 26
(Alex: We have less than a minute to go.)

a desk

Pat
    $400 21
(Alex: Where you find the monster, [*].)

Loch Ness

Triple Stumper
    $400 13
John Barrymore

Anne
    $600 8
Russia

Anne
    $600 3
India

Cole
    $600 19
(Cole: Uh, who is, um... blank?)

Sitting Bull

ColeAnne
    $600 27
a plant

Anne
    $600 22
(Anne: What is Japan?)

the Philippines

PatAnne
    $600 14
(Cole: Who is, uh, Jack Paar?)

Steve Allen

ColePat
    $800 9
(Anne: Who was Attlee?)
...
(Alex: Clement Attlee was the Labour Party; [*], cultural conservative, working for Churchill.)

Anthony Eden

Anne
Triple Stumper
    $1,000 4
Cosi Fan Tutte

Cole
    $800 20
(Anne: What is Cherokee?)

the Navajo

PatAnne
    $800 29
Jenny Lind

Anne
    $800 23
(Anne: What's India?)
(Cole: What are the Himalayas?)

China

ColeAnne
Triple Stumper
    $800 15
Bill Robinson

Cole
    $1000 10
Harry Truman

Anne
    $1000 5
Georg Solti

Triple Stumper
    $1000 28
(Alex: It wasn't so much a war as a massacre, [*].)

Wounded Knee

Triple Stumper
    $1000 30
(Pat: Who is Sheraton?)

Chippendale

Pat
Triple Stumper
    $1000 24
(Pat: What is Morocco?)

Libya

Pat
Triple Stumper
    $1000 16
(Cole: Uh, [*]? Who is [*]?)

Hermione Gingold

Cole

Scores at the end of the Double Jeopardy! Round:

Cole Pat Anne
$1,300 $2,900 $4,800

Final Jeopardy! Round responses

HISTORICAL DRAMA
(Anne: I agreed with Pat.)
ColeWhat is Antony & Cleopatra
$1,300
PatWhat is Love's Labor Lost
$2,900
AnneWhat is Love's Labor Lost
$1,001
Antony & Cleopatra

Final scores:

Cole Pat Anne
$2,600 $0 $3,799
2nd place: $1,000 if eliminated 3rd place: $1,000 if eliminated Automatic semifinalist

Game dynamics:

Coryat scores:

Cole Pat Anne
$1,600 $2,900 $4,600
9 R
(including 1 DD),
7 W
(including 1 DD)
14 R,
4 W
21 R
(including 1 DD),
6 W

Combined Coryat: $9,100

The J! Archive is created by fans, for fans. The Jeopardy! game show and all elements thereof, including but not limited to copyright and trademark thereto, are the property of Jeopardy Productions, Inc. and are protected under law. This website is not affiliated with, sponsored by, or operated by Jeopardy Productions, Inc. Join the discussion at JBoard.tv.